Library Logo

Pioneer International University Library Catalogue

Family reunion / (Record no. 10042)

MARC details
000 -LEADER
fixed length control field 00972nam a22002897a 4500
003 - CONTROL NUMBER IDENTIFIER
control field OSt
005 - DATE AND TIME OF LATEST TRANSACTION
control field 20260402073418.0
008 - FIXED-LENGTH DATA ELEMENTS--GENERAL INFORMATION
fixed length control field 260402b |||||||| |||| 00| 0 eng d
020 ## - INTERNATIONAL STANDARD BOOK NUMBER
International Standard Book Number 0395618789
040 ## - CATALOGING SOURCE
Transcribing agency HOUGHTON MIFFLIN COMPANY
041 ## - LANGUAGE CODE
Language code of text/sound track or separate title english
050 ## - LIBRARY OF CONGRESS CALL NUMBER
Classification number PZ 7 .C783 1993
Item number .C783 1993
100 ## - MAIN ENTRY--PERSONAL NAME
Personal name Cooney, Caroline
Relator term Author.
245 ## - TITLE STATEMENT
Title Family reunion /
Statement of responsibility, etc. Caroline B. Cooney.
250 ## - EDITION STATEMENT
Edition statement 1st edition.
260 ## - PUBLICATION, DISTRIBUTION, ETC.
Place of publication, distribution, etc. Boston :
Name of publisher, distributor, etc. Houghton Mifflin Company,
Date of publication, distribution, etc. 1993.
300 ## - PHYSICAL DESCRIPTION
Extent 169 pages . :
Other physical details ill. ;
Dimensions 21.6 cm.
500 ## - GENERAL NOTE
General note A story about family relationships and reunion experiences.
504 ## - BIBLIOGRAPHY, ETC. NOTE
Bibliography, etc. note Includes bibliographical references (
520 ## - SUMMARY, ETC.
Summary, etc. A fictional narrative exploring family dynamics, relationships, and reunions.
521 ## - TARGET AUDIENCE NOTE
Target audience note Suitable for young adults.
650 ## - SUBJECT ADDED ENTRY--TOPICAL TERM
Topical term or geographic name entry element Families
General subdivision Fiction
650 ## - SUBJECT ADDED ENTRY--TOPICAL TERM
Topical term or geographic name entry element Family relationships
General subdivision Fiction.
650 ## - SUBJECT ADDED ENTRY--TOPICAL TERM
Topical term or geographic name entry element Domestic fiction.
655 ## - INDEX TERM--GENRE/FORM
Source of term lcgft
Genre/form data or focus term Fiction.
942 ## - ADDED ENTRY ELEMENTS (KOHA)
Source of classification or shelving scheme Library of Congress Classification
Koha item type Books
Edition 1st ed.
Suppress in OPAC No
Holdings
Withdrawn status Lost status Source of classification or shelving scheme Damaged status Not for loan Home library Current library Date acquired Total checkouts Full call number Barcode Date last seen Price effective from Koha item type
    Library of Congress Classification     PIU Library Main Library 04/02/2026   PZ 7 .C783 1993 PIUDLMUR967 04/02/2026 04/02/2026 Books